Statistics for car brands from france monaco and germany

Click here to take the quiz!

General Stats

  • This quiz has been taken 17 times
  • The average score is 10 of 15

Answer Stats

HintAnswer% Correct
germanyvolkswagen
100%
germanyaudi
92%
germanybmw
92%
francecitroen
92%
germanymercedes
92%
francepeugeot
92%
francerenault
92%
germanyopel
85%
germanyporsche
77%
francebugatti
54%
germanysmart
54%
franceds
31%
germanymaybach
31%
germanybrabus
8%
monacoventuri
8%

Score Distribution

Percentile by Number Answered

Percent of People with Each Score

Your Score History

You have not taken this quiz